Doctor Who Title Namedrops - Statistics

General Stats
  • This quiz has been taken 83 times
    11 since last reset
  • The average score is 76 of 280
Answer Stats
Namedrop Quote Source Episode % Correct
"Over 500 years ago, there were two races on this planet: We, {THE DALEKS}, and the Thals." The Survivors
88%
"46. 45. 44. 43. {42}." The Rescue
75%
"{KNOCK KNOCK}.""Who's there?" Midnight
75%
"Like {THE ARK}?""{THE ARK}?" "Yeah, Noah's {ARK}. You know, two by two. The flood." The Steel Sky
75%
"Now, I want you to take a {DEEP BREATH} and exhale as slowly as you can." The Wheel in Space: Episode Two
75%
"You all together?""Yes. We're very grateful, Miss…?" "Mrs. Parks. {ROSA} Parks." Rosa
75%
"I'm a {TIME LORD}. I'm the {LAST OF THE TIME LORDS}. They're all gone. I'm the only survivor. I'm left travelling on my own 'cause there's no-one else." The End of the World
63%
"Over 500 years ago, there were two races on this planet: We, the {DALEK}s, and the Thals." The Survivors
63%
"Skaro. The original {PLANET OF THE DALEKS}. Look at the state of it." Asylum of the Daleks
63%
"What I did, I did without choice." "I know." "In {THE NAME OF} peace and sanity.""But not in {THE NAME OF THE DOCTOR}." The Name of the Doctor
63%
"You notice that man's eyes?""What about them?" "He didn't {BLINK} once." The Velvet Web
63%
"14 years since fish custard. Amy Pond, {THE GIRL WHO WAITED}, you've {WAITED} long enough." The Eleventh Hour
50%
"Ah, it's the {KERBLAM!} man!""It's the what?" "The {KERBLAM!} man!" "You're just making sounds now." "Delivery fulfilled. And remember: If you want it, {KERBLAM!} it!" Kerblam!
50%
"A very old saying. The oldest. Demon's Run when {A GOOD MAN GOES TO WAR}." A Good Man Goes to War
50%
"Chan, should I alert the guards?, tho.""No, no, we can't spare them. Poor beggar's on his own. One more lost soul dreaming of {UTOPIA}." Utopia
50%
"Charles Dickens? You're incredible, you are. Completely 100% brilliant. I've read 'em all. Great Expectations, Oliver Twist, and what was the other one, the one with the ghost?""{A CHRISTMAS CAROL}?" The Unquiet Dead
50%
"He thought the only people who knew the truth about the Mara were the {SNAKEDANCE}rs." Snakedance: Part One
50%
"It's a {DOOMSDAY} weapon, Mister, and, rightly primed, it could split that planet in half!" The Tenth Planet: Episode Three
50%
"It's just a headache. It's just…just noise inside my head, Doctor. Constant noise inside my head.""What sort of noise?" "It's {THE SOUND OF DRUMS}. More and more, as though it's getting closer." Utopia
50%
"Just open the doors, {DOCTOR} Foreman.""Eh? {DOCTOR WHO}? What's he talking about?" The Cave of Skulls
50%
"Now, welcome, folks, I'm sure you'd like to knowWe're at the start of one big circus {SHOW}. There are acts that are cool and acts that amaze. Some acts are scary and some acts will daze. Acts of all kinds, and you can count on that, From folks that fly to disappearing acts. There are lots of surprises for the family at {THE GREATEST SHOW IN THE GALAXY}! So many strange surprises, I'm prepared to bet, Whatever you've seen before, you ain't seen nothing yet." The Greatest Show in the Galaxy: Part One
50%
"Once upon a time, late on Christmas Eve, a stranger came to {THE CHURCH ON RUBY ROAD}. She carried in her arms the most precious gift of all: a newborn child, a baby girl." The Church on Ruby Road
50%
"Susan, {LISTEN} to me. Can't you see that all this is an illusion? It's a game that you and you grandfather are playing, if you like, but you can't expect us to believe it." The Cave of Skulls
50%
"The Doctor's put us down right in the middle of the French Revolution.""Yes. {THE REIGN OF TERROR}." A Land of Fear
50%
"Wake the Abbot. {THE BELLS OF SAINT JOHN} are ringing." The Bells of Saint John
50%
"We come from Drahva, in {GALAXY 4}." Four Hundred Dawns
50%
"Well, let's see. You've got a time machine; I've got a gun. What the hell? {LET'S KILL HITLER}." Let's Kill Hitler
50%
"Well, {THE AZTECS} were Mexicans. We must be on Earth again. I wonder what year it is." The Temple of Evil
50%
"You speak with someone else's voice, Baines. Who might that be?""We are {THE FAMILY OF BLOOD}." The Family of Blood
50%
"A baby farm. Run by {BABIES}.""Ahahaha! {SPACE BABIES}!" Space Babies
38%
"Ah, forgive me. Most remiss. I am {MEGLOS}, only survivor of this planet." Meglos: Part One
38%
"All decks stand by. All decks stand by. This is a special announcement from {TERMINUS} Incorporated." Terminus: Part One
38%
"All right, well, let's forget about {THE SEA DEVILS}. What about Trenchard trying to take us prisoners, then?" The Sea Devils: Episode Four
38%
"A right old Fred Karno's Army, innit? Still, not to worry, me old son. Not {THE END OF THE WORLD}, is it?" The Web of Fear: Episode Two
38%
"Bennett! {THE RESCUE} ship's landed!" The Powerful Enemy
38%
"Bennett! {THE RESCUE} ship's landed!" The Powerful Enemy
38%
"Beware. The. Sphere. Beware. Skagra. Beware. {SHADA}. The. Secret. Is. In. The.…" Shada: Part Two
38%
"Block transfer computation.""I've never heard of that." "I'm not surprised. {LOGOPOLIS} is a quiet little planet." Logopolis: Part One
38%
"Broff, the Great Cobalt Pyramid is built on the remains of which famous Old Earth Institute?" "Er, Touchdown?""No, {TORCHWOOD}." Bad Wolf
38%
"But then came the {ARMY OF GHOSTS}. Then came Torchwood and the War. And that's when it all ended. This is the story of how I died." Army of Ghosts
38%
"But {THE SAVAGES}?""I think you'll find some of us are fairly civilised," The Savages: Episode One
38%
"Craddock, tell us, how did it happen, {THE INVASION} of Earth, everything?" The Daleks
38%
"Dwellings of Simplicity. {CASTROVALVA}. Where's that?" Castrovalva: Part Two
38%
"Food's rationed on {FRONTIOS}. It's why the colony ship's guarded. We'll have to be very careful; the ship's out of bounds." Frontios: Part One
38%
"Grateful as I am for {THE VISITATION} of the Outsider, I wish he'd come nearer to the settlement." Planet of Fire: Part Two
38%
"If you must know, I was with the Thal group when they broke {INTO THE DALEK} city." Planet of the Daleks: Episode One
38%
"I'm all right, really I am. It's just that I haven't seen you {SMILE} for so long." Kidnap
38%
"Indeed, madam. A fair {ROSE} of England in this foreign land." The Wheel of Fortune
38%
"Is your name {MARCO POLO}?""It is, my lady, and may I ask who you are?" The Roof of the World
38%
"It's a long story, Doctor. It can't be told; it has to be lived. No sneak previews. Well, except for this one. You'll see me again quite soon, when {THE PANDORICA OPENS}." Flesh and Stone
38%
"It's the first of {THE LEISURE} planets. In relative Earth date 2250, there's a hideous war against some reptile people called the Foamasi. Most of the planet gets wiped out by 2,000 interplanetary missiles, but the survivors build a recreation centre called {THE LEISURE HIVE}. And there's something called an Experiential Grid. Cells of different environments designed to produce physical, psychic and intellectual regeneration. That sounds more like it, don't you think, Doctor? Doctor?" The Leisure Hive: Part One
38%
"It's {THE MIND OF EVIL}, Jo. I should've realised. That creature feeds on the {EVIL} impulses of the brain." The Mind of Evil: Episode Six
38%
"Jack'll be back. He'll get us out. The world doesn't end because {THE DOCTOR DANCES}." The Doctor Dances
38%
"{KILL THE MOON}? {KILL THE MOON}. Well, you have about 100 of the best manmade nuclear weapons, if they still work." Kill the Moon
38%
"Look, Doctor, look. There's the swimming pool, right at the very top of the building. Oh, it's wonderful. I can't wait to have a dip in that. {PARADISE TOWERS}, here we come." Paradise Towers: Part One
38%
"Off we go into the {WILD BLUE YONDER},Climbing high into the sun; Here they come zooming to meet our thunder, At ‘em now, Give 'em the gun!" Wild Blue Yonder
38%
"Oh, nonsense, young lady, your {SURVIVAL} is all here." The Ambush
38%
"Roll up and see the monster show! A {CARNIVAL OF MONSTERS}, all living in their natural habitat, wild in this little box of mine!" Carnival of Monsters: Episode One
38%
"She is Iraxxa, {EMPRESS OF MARS}." Empress of Mars
38%
"So that was the Year of the Slow Invasion, when the Earth got cubed, and the Doctor came to stay. It was also when we realised something the Shakri never understood: what 'cubed' actually means: {THE POWER OF THREE}." The Power of Three
38%
"The {BLACK ORCHID}. Yes, it is beautiful. It was found on the Orinoco by my eldest son, George." Black Orchid: Part One
38%
"{THE GIRL WHO DIED} he tried to save.She'll die again inside his grave." The Name of the Doctor
38%
"The {KINDA} pose no threat whatsoever to the security of this expedition. They are culturally non-hostile." Kinda: Part One
38%
"There'll be a rather large bang, big enough to blow up Zeos, take Atrios with it, and make certain the whole thing ends in a sort of draw. That's the way these military minds work. {THE ARMAGEDDON FACTOR}." The Armageddon Factor: Part Four
38%
"The treaty between our two empires established a {FRONTIER IN SPACE}. We have never violated that {FRONTIER}." Frontier in Space: Episode One
38%
"This is it. The final battle between the gods and the beasts. It's now, Judson. {THE CURSE OF FENRIC}." The Curse of Fenric: Part One
38%
"Though the man above might say "hello",Expect no love from {THE BEAST BELOW}." The Beast Below
38%
"To command, one must prove oneself in courage, skill, intelligence. Ixta has taken many prisoners on the {BATTLEFIELD}. He has no fear of death." The Temple of Evil
38%
"Welcome. I am Monarch.""You look as if you might be." "And this is {ENLIGHTENMENT}." "{ENLIGHTENMENT}. How do you do?" Four to Doomsday: Part One
38%
"Welcome to {THE RINGS OF AKHATEN}.""It's…" "It is. It so completely is, but wait, there's more." The Rings of Akhaten
38%
"Who are you?""I'm {THE CARETAKER}." "But you're not Mr. Cardew." The Doctor, the Widow and the Wardrobe
38%
"Yes, tremendous material advantages, but I doubt if even Axonite could increase the growth of human common sense. But, since you seem {HELL BENT} on getting hold of it, I suggest the best thing to do is to restrict its use to your laboratories until we've made a full analysis of all its properties." The Claws of Axos: Episode Two
38%
"Yes, yes, quite so, but, remember, this is an {INVASION} force; therefore, they have to adapt themselves to the planet." The Daleks
38%
"You get the codes, release the missiles, but not into space because there's nothing there. You attack every other country on Earth. They retaliate, fight back. {WORLD WAR THREE}. Whole planet gets nuked." World War Three
38%
"You know. The Yeti. {THE ABOMINABLE SNOWMEN}." The Abominable Snowmen: Episode One
38%
"You see, {THE ROMANS}, unfortunately, didn't know how to transport water satisfactorily. That's why they built their aqueducts." The Slave Traders
38%
"1,000,000,000,000 lifeforms, and {SILENCE IN THE LIBRARY}." Silence in the Library
25%
"24 hours and you'll be your old animal-like self again. And, while you're undergoing repairs, Storr, old chap, I'm going to do a bit of hunting myself, up on the glacier. Something strange is happening, Elric Penley, honoured sir. That warrior, that girl, that funny, scruffy-looking chap. Something strange indeed. Something disturbing. Something to do with the ice. And, if what that particular chap has said is true, if they really need me, it may mean {THE PARTING OF THE WAYS} for us." The Ice Warriors: Two
25%
"Abu-Gond and Vana-Gond, alone of your generation, you have been chosen to receive the highest honour that can befall a Gond: You are now the companions of {THE KROTONS}." The Krotons: Episode One
25%
"Additional. There follows a brief message from the Head Librarian for your urgent attention. It has been edited for tone and content by a Felman {LUX} Automated Decency Filter. Message follows: “Run. For God's sake, run. Nowhere is safe. The Library has sealed itself. We can't… Oh, they're here. Argh. Slarg. Snick.” Message ends. Please switch off your mobile comm-units for the comfort of other readers." Silence in the Library
25%
"Ah, that, my boy, yes. Well, that I got from {THE SPACE MUSEUM}. This young man here, Tor, very kindly gave it to me as a souvenir." The Final Phase
25%
"Ah, that, my boy, yes. Well, that I got from {THE SPACE MUSEUM}. This young man here, Tor, very kindly gave it to me as a souvenir." The Final Phase
25%
"Ah, your basic robo-scavenger. The Father Christmas stuff is just a disguise. They're trying to blend in. I met them {LAST CHRISTMAS}." The Runaway Bride
25%
"A message from the Dalek Supreme. Operation {INFERNO} to be put into execution at once." Day of Armageddon
25%
"A message from the Dalek Supreme. Operation {INFERNO} to be put into execution at once." Day of Armageddon
25%
"And if you sit in a room with no windows?""No, I can't see her, but I know she's there. {73 YARDS}, I've measured it 100 times; I've measured it 1,000 times. It's {73 YARDS}." 73 Yards
25%
"And remember, Sven, when you rejoin the force, we will want to know {THE LIE OF THE LAND}: where there is food and fresh water available, and the strength of the villages." The Meddling Monk
25%
"And {THE WELL}?" "What {WELL}?""You don't know anything about a {WELL} with an eye peering out from inside?" The Greatest Show in the Galaxy: Part Three
25%
"Are the hearts of the human creatures on the right or left side of their bodies, or in {THE CENTRE} as in ours?" Hidden Danger
25%
"ASD? Advanced {STATE OF DECAY}?" Shada: Part Four
25%
"A volcano is a strange thing, my friend, I tell you the truth. It's like a man in the hot sun, sleeping. Still, lifeless. Then {BOOM}! He wakes full of energy. I know volcanoes. The Enemy of the World: Episode 2
25%
"Aw, honey, I've known them all in my time. Jesse James, Billy the Kid, {JOHNNY RINGO}." Don't Shoot the Pianist
25%
"Aye, well, {THE DOMINATORS} don't know anything about your gentleness." The Dominators
25%
"Buried inside Zanak, {THE PIRATE PLANET}, and having the goodness sucked out of it." The Pirate Planet: Part Two
25%
"But why {KIDNAP} her?""I should think the why's fairly obvious, wouldn't you?" A Desperate Venture
25%
"But you're {THE DOCTOR}. {THE NEXT DOCTOR}. Or {THE NEXT} but one. A future {DOCTOR}, anyway. No, no, don't tell me how it happened. Although, I hope I don't just trip over a brick. That'd be embarrassing. Then again, painless. Worse ways to go. Depends on the brick." The Next Doctor
25%
"But you were robbing Lady Me.""I came to warn {HER}. I {FEAR HER} life is in danger." The Woman Who Lived
25%
"Citizen Robespierre is doing a fine job, don't you think, hounding out {THE TRAITORS}?" A Change of Identity
25%
"Commence {THE FINAL TEST}.""Direct communication." The Android Invasion: Part Two
25%
"Daleks, {CAN YOU HEAR ME?} Daleks, the Thal people wish to live in peace. If this is your wish too, then let us work together to rebuild our world." The Ambush
25%
"Davros must be honoured.""He must be exterminated. Nothing must interfere with the true {DESTINY OF THE DALEKS}. You must be exterminated! Exterminated! Exterminated!" Resurrection of the Daleks: Part Two
25%
"Death of Eternal Darkness? {DRAGONFIRE}? I should stop at home, if I were you." Dragonfire: Part One
25%
"Doctor, he hit the {PLANET OF EVIL} and he was aiming at Zeos!" The Armageddon Factor: Part Six
25%
"{DOT}. {AND BUBBLE}.""Hi there, Lindy! Such a super day! You look so good, baby!" Dot and Bubble
25%
"Everything is disrupted. But this isn't about Daleks. For once, they're not what worries me. At least we understand them. You and me, my love, we've fought them. It's the other things, whatever they are. Appearing from nowhere, feasting on the wreckage, coming for {SURVIVORS OF THE FLUX}. I must admit, some days I feel like they wanna stop me from getting to you. But nothing is gonna stop me getting to you." Flux: Chapter Three: Once, upon Time
25%
"Except the glitches were real before they changed. Because I was right in the {WISH WORLD}, wasn't I?" The Reality War
25%
"Glamis hath murdered {SLEEP}, therefore Cawdor shall {SLEEP NO MORE}. Macbeth shall {SLEEP NO MORE}." Sleep No More
25%
"Go now, and stay close to the Abbot. And, Simon, tell him I shall bring word later concerning {THE SEA BEGGAR}." The Sea Beggar
25%
"Hear us. We have come to ask but a pittance. Three marks per knight's fee. You obstruct {THE CRUSADE}, my Lord, with your parsimony." The King's Demons: Part One
25%
"He is obviously a spy. She is obviously his accomplice. He will disappear and she can audition for {THE HAPPINESS PATROL}." The Happiness Patrol: Part One
25%
"Herbert Hoover, 31st President of the USA, came to power a year ago. Up 'til then, New York was a {BOOM TOWN}, the Roaring '20s, and then…""The Wall Street Crash, yeah? When was that, 1929?" Daleks in Manhattan
25%
"Here it is, safe and sound. That's your story, darling. {THE LEGEND OF RUBY SUNDAY}." The Legend of Ruby Sunday
25%
"He's not the first one I've 'ad in 'ere lookin' like tha'. {THE CRIMSON HORROR}, that's what they're callin' it." The Crimson Horror
25%
"Hey, that's an extinct {VOLCANO}, isn't it?" The Underwater Menace: Episode One
25%
"His only desire was that justice should be done and a sensible solution to this {CRISIS} be found." The Plague
25%
"How would I know? But it certainly isn't {CLOSING TIME} at Betty Murphy's pub!" The Underwater Menace: Episode Two
25%
"Hunt the key to fit the doorThat leads out on {THE DANCING FLOOR}, Then escape the rhythmic beat Or you'll forever tap your feet." The Hall of Dolls
25%
"I am Meglos! The last Zolfa-Thuran.""{THE DEAD PLANET}?" Meglos: Part One
25%
"I am Mel. Who's the Rani?" "Try looking in the mirror, {THE FACE OF EVIL}." Time and the Rani: Part One
25%
"I beg to differ. You see, you must {TURN} right before you {TURN LEFT}." The Space Museum
25%
"I can't, Amy. I can't do it. I need both hearts!""All right. {DESPERATE MEASURES}!" The Power of Three
25%
"If we stay here and are caught, they'll throw us in the {TIMELASH}." Timelash: Part One
25%
"If you could touch the alien sand and hear the cries of strange birds and watch them wheel in another {SKY}, would that satisfy you?" The Cave of Skulls
25%
"If you help me find {THE KEYS OF MARINUS}, I will let you have free access to your machine when you have delivered all {THE KEYS} to me." The Sea of Death
25%
"I have reluctantly decided to abandon {THE EXPEDITION} and return to Earth." The Tomb of the Cybermen: Episode One
25%
"I know! {DINOSAURS}! {ON A SPACESHIP}!" Dinosaurs on a Spaceship
25%
"I'm after {THE SMUGGLERS}, and I think I've found the route that they've been using." The Smugglers: Episode Two
25%
"I, Mawdryn, have returned. It is time for {THE AWAKENING}. Help me." Mawdryn Undead: Part Three
25%
"I mean, there will come a {DAY OF RECKONING}, of course, but, well, for the moment, pick up your sword!" Small Prophet, Quick Return
25%
"Indubitably, this is the {BAD WOLF} scenario. I find the inherent laxity of the ongoing multiverse…" The End of the World
25%
"I reckon so, and I'll tell 'em. Where'll I say?" "Tell 'em {THE O.K. CORRAL}." The O.K. Corral
25%
"I say, I say, I think these'll interest you. Look here. This is these people's ancestor, the original Thal male. There was a neutron war here. Most died and the survivors mutated. But in the case of the Thals, mutation came round in {FULL CIRCLE}, then refined itself into what you see." The Ambush
25%
"I see you selected the {GOLDEN DEATH}, with four mercy attendants." The Sun Makers: Part One
25%
"I should think something might be arranged. Let's have a little word with {THE EXECUTIONERS}. They're always on the lookout for fresh material." Vengeance on Varos: Part Two
25%
"Is the humanoid {ROBOT} complete?""The computer is feeding its memory cells with data." Journey into Terror
25%
"Is Za, son of {THE FIREMAKER}, afraid of an old man?" The Cave of Skulls
25%
"It defaults to the highest authority it can find. The little girl gets frightened; the most powerful man on Earth gets a phone call. The {NIGHT TERRORS} with a hotline to the White House." The Impossible Astronaut
25%
"It's all right, Adric. {THE KEEPER OF TRAKEN}.""Well guessed, Doctor. The reports of your intelligence are true, I see." The Keeper of Traken: Part One
25%
"It's damp.""Well, we are {UNDER THE LAKE}." Battlefield: Part Two
25%
"{IT TAKES YOU AWAY}, {IT TAKES YOU AWAY}, {IT TAKES YOU AWAY}…""Hanne, listen to me. Whatever is out there, we will keep you safe." "But {IT TAKES YOU AWAY}." It Takes You Away
25%
"I've met somebody who knows how the temple was built. An Aztec lady.""You're an old {ROGUE}." The Warriors of Death
25%
"I was merely telling my friend that the {DAY OF THE DALEKS} is coming to an end." The Evil of the Daleks: Episode Six
25%
"I wasn't informed you were travelling across our territory. Hurry back to the Colony and tell {THE PILOT} what's happened." The Macra Terror: Episode One
25%
"I will take him to {THE CAVE OF SKULLS} and he will tell me the secret!" The Cave of Skulls
25%
"{JOURNEY'S END}, Doctor. I'm sorry. Your cremation will deprive me of our periodic encounters. Quickly, my time is short." Planet of Fire: Part Three
25%
"Let {THE TALONS OF WENG-CHIANG} shred your fle-e-e-e-e-e-e-sh!" The Talons of Weng-Chiang: Part Six
25%
"Like Scheherazade.""Over whose head hung {SENTENCE OF DEATH}." The Lion
25%
"Listen, Varga, the power source is locked in directly with the ioniser. Now, if we cut the power before it is safe, the feedback effect could blast this building into a state of ion {FLUX}." The Ice Warriors: Six
25%
"Look at this. We call it {DARK WATER}. Only organic matter can be seen through it." Dark Water
25%
"Look. It is nothing but fire and the bones of the dead! They have gone! While we look at their fire, they have gone!" "Into the night. The dark will {HIDE} them." The Firemaker
25%
"No, no, no. You must see more than that; there must be more than that.""{DEATH TO THE DALEKS}! {DEATH TO THE DALEKS}! {DEATH TO THE DALEKS}!" "No, there must be more than that. There must be more than that. Please." Into the Dalek
25%
"No-one has died." "Not one person in the United States of America." "Not a single death." "{MIRACLE DAY}." "{MIRACLE DAY}." "{MIRACLE DAY}." "{MIRACLE DAY}." "{MIRACLE DAY}." "{MIRACLE DAY}. That's what it's being called." "{MIRACLE DAY}." The New World
25%
"No, {THE WAR MACHINES} would destroy us all. Hyksos said he would return when the Sun was above us." Escape Switch
25%
"Not much. Just the name the ancients gave to this region. The {ARC OF INFINITY}." Arc of Infinity: Part One
25%
"Now, if you'll excuse me, I must be getting along. It's the, er… It's {THE CHASE}, you know? Flight through Eternity
25%
"Now I know every beat of the heart of your time machine, and I can bend it to my will. It will stand as my altar. The Temple of my {EMPIRE OF DEATH}. Never yours again, Doctor. Never." Empire of Death
25%
"No! You've given me equal power. It's now {A BATTLE OF WITS} between me and you." The Mind Robber: Episode Five
25%
"Oh, Doctor, those things'll follow us to {THE END OF TIME}! They'll never give up either!" Carnival of Monsters: Episode Three
25%
"Oh, er, er… Folks, it is awesome. {THE INTERSTELLAR SONG CONTEST} is transmitted live across the entire Western Galactic Arm!" The Interstellar Song Contest
25%
"Oh, it's not a tune.""Ha-ha-ha ha-ha ha-ha." "It's a laugh." "It's a puppet." "{THE GIGGLE} in everyone's head." "Ha-ha-ha ha-ha ha-ha." The Giggle
25%
"Oh, no. We shall explode it when we're a safe distance away, and the V-Ship is right in the flash zone. You have about 40 minutes. Oh, don't try to leave. I'm turning the manual lock on this side. Enjoy {THE BIG BANG}." The Space Pirates: Episode Six
25%
"Oh, of course. {JOY}. Of course you are, you're {JOY}. Haha! {JOY TO THE WORLD}!" Joy to the World
25%
"Once upon a time, {THE} planet was united. (Listen) {THE ROBOT}s and people lived together in peace, (to) but then, 10 years ago, it all changed, (me,) because, on that day, {THE ROBOT REVOLUTION} arose. (please.)" The Robot Revolution
25%
"Only 'could be'? You don't think I'd take the side of these creatures against you, do you? You do. Honestly, this baffles me, destroys my faith in {HUMAN NATURE}." Escape Switch
25%
"Ooh, someone came here tooled up. The sort of stuff a thief would use.""{THE UNICORN}, he's here." "{THE UNICORN AND THE WASP}." The Unicorn and the Wasp
25%
"{PARTNERS IN CRIME}. And evidently off-worlders, judging by your sonic technology." Partners in Crime
25%
"Peace on this street depends on one thing. To break it in any way is to {FACE THE RAVEN}." Face the Raven
25%
"Pick a world, and this nightmare will all be over. They'll listen to you. It's you they're waiting for. {AMY'S} men. {AMY'S CHOICE}." Amy's Choice
25%
"Safe. Yes. The Doctor told {THE WATCHER} to look after us." Logopolis: Part Four
25%
"So it's {CHECKMATE}, isn't it? I want to see the Venus/Mars games; you want to see your hero, Mavic Chen." The Nightmare Begins
25%
"Some {FOUR HUNDRED DAWNS} ago, we were investigating this particular section of the galaxy." Four Hundred Dawns
25%
"Such a simple, brutal power. The power of {TOOTH AND CLAW}." Survival: Part Three
25%
"That first part, my Lord. When do I receive it?""Tonight." "The Street of the Beggars at {MIDNIGHT}." "I shall be there." Rider from Shang-Tu
25%
"That suggestion of yours about {THE PLAGUE}. Supposing one of them's been in that water. They're bound to be contaminated with some sort of bacteria!" World's End
25%
"{THE ANGELS TAKE MANHATTAN} because they can, because they've never had a food source like this one. The city that never sleeps." The Angels Take Manhattan
25%
"{THE CLAWS OF AXOS} are already deeply embedded in the Earth's carcass!" The Claws of Axos: Episode Four
25%
"The creatures on it, {THE SENSORITES}, have always prevented us from leaving this area of space." Strangers in Space
25%
"The Cyberium has given me understanding. It has distilled my purpose. I am the perfect vessel. Everything is in me for the {ASCENSION OF THE CYBERMEN}, and beyond." Ascension of the Cybermen
25%
"The Daleks can fire at us long before we can use {THE BOMB}." The Daleks
25%
"{THE DEATH OF TIME}. The end of time. The end of us all. Oh, why couldn't you just die?" The Wedding of River Song
25%
"The final challenge is to cross the terrain, survive the planet, make your way to the other side of the mountains, and the first one to get to the site marked as {THE GHOST MONUMENT} will be crowned the winner and transported off this planet. The loser will not." The Ghost Monument
25%
"The Greek civilisation, the Renaissance, the Industrial Revolution; they were all inspired by {THE DÆMONS}." The Dæmons: Episode Three
25%
"The Himalayas, {THE ROOF OF THE WORLD}.""{THE ROOF OF THE WORLD}? I wonder." The Roof of the World
25%
"The legend of {THE CURSE OF PELADON} has been handed down through countless centuries." The Curse of Peladon: Episode One
25%
"{THE LION} is in our cage.""Good fortune indeed, El Akir." The Lion
25%
"{THE MARK OF THE RANI}.""Is 'e dead? Why, I don' understan' wha's 'app'ned." The Mark of the Rani: Part One
25%
"{THE MUTANTS} must be rooted out. They are evil and diseased." The Mutants: Episode One
25%
"Then I shall be sent back to the {DEVIL'S PLANET}! No, whoever the Daleks are, they'll help me." Devil's Planet
25%
"Then they might have gone through the Taltarian {AIR LOCK}, into the tunnels." The Death of Time
25%
"Then they must be put on that rocket. In the meantime, {THE MOONBASE} is to be put in quarantine." The Moonbase: Episode One
25%
"Then we gonna ride back here to Lop, wait for two days, and then return to the caravan to collect the thing of magic that will bring the {MIGHTY KUBLAI KHAN} to his knees!" The Roof of the World
25%
"Then you will deal with them. Soon it will be {THE FINAL PHASE} of the plan." Spearhead from Space: Episode 3
25%
"There is one thing you might like. It's called {THE DEVIL'S CHORD}." The Devil's Chord
25%
"There's some sort of {CONSPIRACY} going on, my child, and I've decided, for my own sake, I must get to the bottom of it." Conspiracy
25%
"These Highlanders are men of high courage and {RESOLUTION}. Flog but one of them, they'll all stand together and refuse to sign a thing." The Highlanders: Episode 3
25%
"The shooting's stopped. Our lads must have got them. Not our {LUCKY DAY}." The Sun Makers: Part Three
25%
"The thing is: How did a bunch of skullcrackers like {THE WARLORDS} come to own such a device?" The Trial of a Time Lord: Part Five
25%
"{THE WHEEL OF FORTUNE}, eh, Henry?""What?" "Perhaps you didn't win all you thought at the casino." Horror of Fang Rock: Part Two
25%
"{THE ZARBI} will treat them as enemies. If we refuse to help them, they will not survive." The Zarbi
25%
"This Doctor arrived here on this planet we have chosen for {THE WAR GAMES}. He brought with him companions who have not been subjected to our mental processing." The War Games: Episode Seven
25%
"This is {THE AGE OF STEEL} and I am its Creator." The Age of Steel
25%
"Travellers of the Gobi Desert have good reason to fear {THE SINGING SANDS}, Barbara." The Singing Sands
25%
"We are {THE SURVIVORS} of a final war." The Escape
25%
"We call the infection {PRAXEUS}. Trust me, it's smart, it's relentless, and it knows you're onto it." Praxeus
25%
"Well, I must go in search of Mister Phipps." "But what about {THE ICE WARRIORS}?" The Seeds of Death: Episode Three
25%
"Well, it's clearly going well. What planet is this?""{ORPHAN 55}." "You built a fake-cation on an {ORPHAN} planet? Are you mad?" Orphan 55
25%
"Well, stop. Clara, stop thinking about {THE SNOWMEN}!" The Snowmen
25%
"We're lucky he botched the operation. {THE BRAIN OF MORBIUS} and that body makes a terrifying combination. For the sake of the future of the universe, I had to make him destroy his handiwork." The Brain of Morbius: Part Four
25%
"We're now in the world of {THE CELESTIAL TOYMAKER}, and that screen is hypnotic!" The Celestial Toyroom
25%
"We wish to escape captivity. Go out and rebuild the planet Skaro. Our {OXYGEN} distributors will be subjected to waste radiation by the ejector capsule." The Rescue
25%
"What are all these harnesses for?""Er, {THE ALMOST PEOPLE}?" The Rebel Flesh
25%
"'What if we had ideas that could think for themselves? What if one day our dreams no longer needed us? When these things occur and are held to be true, {THE TIME} will be upon us. {THE TIME OF ANGELS}.'" The Time of Angels
25%
"What will they do to us?" "We are to be taken to the {CRATER OF NEEDLES}." The Zarbi
25%
"When is this punishment to take place?""On {THE DAY OF DARKNESS}." The Bride of Sacrifice
25%
"When something goes missing, you can always recreate it by the hole it left. I know her name was Clara. I know we travelled together. I know that there was an Ice Warrior on a submarine and a {MUMMY ON THE ORIENT EXPRESS}. I know we sat together in the Cloisters and she told me something very important, but I have no idea what she said. Or what she looked like. Or how she talked. Or laughed. There's nothing there. Just nothing." Hell Bent
25%
"Where are we?""On our way through the {UNDERWORLD}." The Nightmare Begins
25%
"Where's the TARDIS?""On the other side." "We need to get there. It's our only way out." "OK. We've got 30 seconds {BEFORE THE FLOOD} doors close." Under the Lake
25%
"Will you end this charade? This pathetic pretence at normality? Can't you accept we're on {THE BRINK OF DISASTER}?" The Trial of a Time Lord: Part Ten
25%
"Yeah, 'e shot us all down in {COLD BLOOD}." Don't Shoot the Pianist
25%
"Yes, as soon as our good friend the Doctor here has finished his twiddling, Solos will find itself with a {NEW} atmosphere. You and the others will be the first settlers on {NEW EARTH}." The Mutants: Episode Six
25%
"Yes, back in the {COLD WAR} days." Invasion of the Dinosaurs: Part Three
25%
"Yes. Have you heard of the Cave of the {FIVE HUNDRED EYES}?" Five Hundred Eyes
25%
"Yes. Sabetha wanted to continue {THE SEARCH} with us." The Screaming Jungle
25%
"You can do better than that, Doctor. Even in {EXTREMIS}, I wear the Sash of Rassilon." The Deadly Assassin: Part Four
25%
"You have passed {THE ESCAPE} test we set you. Take him!" The Daleks
25%
"You're going on a {DANGEROUS JOURNEY}.""So?" "You need me to protect you." Paradise Towers: Part One
25%
"You see, how you came under {THE POWER OF THE DALEKS} is very important. They can't have done as much as they have without some help." The Evil of the Daleks: Episode Five
25%
"You were right about {THE AMBUSH}, weren't you?" A Desperate Venture
25%
"{ADAM} and Eve and Pinch Me went down to the river to bathe. {ADAM} and Eve got drowned. Who do you think was saved?" The Mind Robber: Episode 2
13%
"Anything on his phone from today?" "Just some pictures of {RANDOM SHOES}." Random Shoes
13%
"{CAPTAIN JACK HARKNESS}, 133 Squadron, Royal Air Force. American volunteer." The Empty Child
13%
"From the Sacred Flame, you have been granted {THE GIFT} of eternal life. Cherish and serve the flame, my sisters." The Brain of Morbius: Part Three
13%
"Hmm? Oh. Buildings in ruins, people lying dead. Some great catastrophe, I should think. After that, {EVERYTHING CHANGES}. Yes, look at this, Jo. A completely different style and design. Much cruder, more primitive. Colony in Space: Episode Four
13%
"I can hear him. He's coming. So, if you're watching, just keep watching, because…" "Lukey Boy.""…he's {THE NIGHTMARE MAN}. And I can't stop him. Mum, I'm sorry." The Nightmare Man: Part One
13%
"I didn't work with them. I never knew anyone who did. They only performed in the dead of night. Anyway, it was just a tale that was around at that time. A ghost story. They came {FROM OUT OF THE RAIN}. That's how people described them." From out of the Rain
13%
"I didn't work with them. I never knew anyone who did. They only performed in the {DEAD OF NIGHT}. Anyway, it was just a tale that was around at that time. A ghost story. They came from out of the rain. That's how people described them." From out of the Rain
13%
"I found you when I was {RESET}ting my traps. Had a difficult journey getting you back to the hut." The Snows of Terror
13%
"I hate to bust up your sweet little tea party, but this isn't an arrest; this is a {RENDITION}. And, on behalf of the CIA, under the 456 amendments to US Code 3184, I'm extraditing this so-called Torchwood Team to the United States of America. Now, get me out of here. Take me home." The New World
13%
"In that case, I must see that you don't get the chance. Once this project has been completed, I can only hope that you will adjust to life in {THE NEW WORLD}. I really am very sorry about all this. I can only hope that in the future we shall be friends." Invasion of the Dinosaurs: Part Six
13%
"It passed the eggs on in the bite. Some species do that. A kind of sneaky way of keeping {THE BLOOD LINE} going. Boy, would Darwin have a field day if he'd made it to space." Something Borrowed
13%
"It's jammed. I've lost control. We're {ADRIFT} in E-Space." Warriors' Gate: Part One
13%
"Looks like it. They're psy-tri projections from the dark side of Xoanon's id, with enough kinetic energy to kill. Looks as if your friends are running {OUT OF TIME}." The Face of Evil: Part Three
13%
"No, I can't be trapped here. This can't happen to me. Let me out! {CHILDREN OF EARTH}, I demand you sleep and you dream, and you fear. You will fear me!" The Nightmare Man: Part Two
13%
"Oh, that smell. That green. That coastline, Ruby. Oh, the rocks and the water, it never ends. {THE WAR BETWEEN THE LAND AND THE SEA}." 73 Yards
13%
"People didn't believe us. Now they should. Judgment day is finally here. This is the {END OF DAYS}." End of Days
13%
"{SOMETHING} old. {SOMETHING} new. {SOMETHING BORROWED}. {SOMETHING} blue." The Big Bang
13%
"Surrender now or I will blast your base to {FRAGMENTS}." The Ice Warriors: Six
13%
"That poor boy must've wandered in and ended up here. It's happened before. Missing people, {LOST IN TIME}." The Temptation of Sarah Jane Smith: Part One
13%
"{THE CATEGORIES OF LIFE}.""What does that mean?" "Instead of dead or alive, there are now three {CATEGORIES}. Here. It's being rolled out across America and Europe. {THE CATEGORIES} become official at midnight." The Categories of Life
13%
"The {SLEEPER} must relax and believe. Everything in the Colony is good and beautiful. You must accept it without question. You must obey orders. The leaders of the Colony know what is best. In the morning when you wake up you will be given some work. You will be glad to obey. You will question nothing in the Colony." The Macra Terror: Episode Two
13%
"They say you sit all day rubbing your hands together while he brings us {MEAT}." The Cave of Skulls
13%
"This isn't about saving me. I'm a {DEAD MAN WALKING}. I'm changing history to save Clara." Before the Flood
13%
"Those Monk creatures I told you about, if they've modelled every event in human history, if they've simulated entire events streamed from {DAY ONE} 'til now, think what they'd know. Think what they could do with that." The Pyramid at the End of the World
13%
"Tonight's performance of {SECRETS OF THE STARS} with Martin Trueman will begin in five minutes." Secrets of the Stars: Part One
13%
"Well, at the moment it's, er, temporarily, er, hors de {COMBAT}." The Sea of Death
13%
"Well, you can hear this too, then. We're not done yet and we'll fight you {TO THE LAST MAN}. You'll never get inside this base." The Moonbase: Episode Four
13%
"Yeah, but you don't know what it looks like, do ya? I reckon you're banjaxed, my old son. {END OF THE ROAD}. Finito." The Armageddon Factor: Part Six
13%
"You are an {ENEMY OF THE BANE} Kindred. Surrender or be devoured." Enemy of the Bane: Part One
13%
"Your freedom? The bargain, you remember, was that if we spared you and your TARDIS, you would lead us to this planet in return for the {DEATH OF THE DOCTOR}." The Claws of Axos: Episode Two
13%
"Alien? Well, this will indeed be a red-letter day for the Xeros calendar. Have the crew been {DETAINED}?" The Dimensions of Time
0%
"But who or what is creating such incredibly powerful music?" "I checked my database. There is one creature. The {AEOLIAN}s. They were masters of amplification and were able to create resonances so powerful they could pulverise distant stars." Aeolian
0%
"Come on, let's dance. {FOR TONIGHT WE MIGHT DIE}." For Tonight We Might Die
0%
"{FEAR ITSELF} is largely an illusion, and, at my age, there's little left to fear. Hmm. No, there's nothing here to harm us!" The Five Doctors
0%
"I call it 'destructertainment'. {ROBOT GLADIATORS} for the discerning lovers of a bit of mayhem. And the punters? I’ve got 'em paying hand over fist for video uplinks of my {ROBOT}s going at it in the ring. So what if the tech I’m using is prohibited? And by the Department, no less. Laws, they’re for the little people." Robot Gladiators
0%
"I could live in lakes and {WATERFALL}s. I…I could be {THE WITCH OF THE WATERFALL}!" "Yeah, you could be {THE WITCH OF THE WATERFALL}. I just… Oh!" "Live with me in {THE WATERFALL}. But how would we get there?" The Witch of the Waterfall
0%
"I don’t get it. Why would K·9 just leave?""Maybe he didn’t." "{THE BOUNTY HUNTER}." The Bounty Hunter
0%
"If you help me find {THE KEYS OF MARINUS}, I will let you have free access to your machine when you have delivered all {THE KEYS} to me." The Sea of Death
0%
"In mythology and superstition, we called them 'Sea Devils', but we're better than that now. Let's say, er, {HOMO AQUA}." Homo Aqua
0%
"{K·9} indicates that the… the patient is not a member of the human race!" The Invisible Enemy: Part Two
0%
"Marvellous indeed, my lord. The birds will envy you and the multicoloured fish from {THE DEEP}s are put to shame." The Wheel of Fortune
0%
"Oh, that doesn't matter. She's completely discredited. If even {THE END OF THE WAR} can't cheer her up, she's not worth bothering about. Well, come on. Father wants to thank you himself." Death of a Spy
0%
"Senior Lieutenant Medowin Gelf. Special Operations Commando, Global Command, Planet Earth in the year 2618, despatched to this time and place to neutralise {THE KORVEN}." The Korven
0%
"Skin cells are from an {OROBORUS}.""The cosmic serpent! Hoyle’s boils!" Oroborus
0%
"So your problem is whether to stay in business or to hand over the {CLASS} to her." An Unearthly Child
0%
"There has been another attack on the CCPC in which one unit was held up and another kidnapped. Reports are sketchy at this time but it’s apparent that the group calling themselves {THE LAST PRECINCT} have claimed responsibility." The Last Precinct
0%
"Well, I can try. I have approximate translations for many of the basic symbols. One might call this the Solonian book of Genesis. {THE LOST} tablets. This, Doctor, is the story of how Solonian civilisation began." The Mutants: Episode Four
0%
"Why don’t you tell me? Because it’s one of your projects, isn’t it? I’ve cross-checked. It’s called {BLACK HUNGER}." Black Hunger
0%
"Why her? She never hurt anybody." "{NIGHTVISITING}.""What?" "{NIGHTVISITING}. It's a genre of folk song." Nightvisiting
0%
"Women's {LIBERATION}, Your Majesty. On Earth, it means… Well, very briefly, it means that we women don't let men push us around." The Monster of Peladon: Part Three
0%
"You give full priority to atmospheric {REGENERATION} and then you expect me…?" "Jaeger! Jaeger! For the moment, Jaeger, I want you to give full priority to this little problem here." The Mutants: Episode Two
0%
No matching quizzes found
Score Distribution
Percent of People with Each Score
Percentile by Number Answered
Your Score History
You have not taken this quiz since the last reset